Normal view
MARC view
Entry Personal Name
001 - CONTROL NUMBER
- control field: 16064
003 - CONTROL NUMBER IDENTIFIER
- control field: BD-RjUL
005 - DATE AND TIME OF LATEST TRANSACTION
- control field: 20250716104950.0
008 - FIXED-LENGTH DATA ELEMENTS
- fixed length control field: 250716|| aca||aabn | a|a d
040 ## - CATALOGING SOURCE
- Original cataloging agency: BD-RjUL
- Transcribing agency: BD-RjUL
100 ## - HEADING--PERSONAL NAME
- Personal name: Guggenheim, E. A.
- Fuller form of name: (Edward Armand),
- Dates associated with a name: 1901-1970
670 ## - SOURCE DATA FOUND
- Source citation: Work cat.: (BD-RjUL)9644: Fowler, R. H. (Ralph Howard), 1889-1944. 29856, Statistical thermodynamics;, 1956,1960.